banner-ar

فاعلية اداء السوق المالى و القطاع المصرفى فى النمو الاقتصادى / (Record no. 62073)

MARC details
000 -الفاتح
حقل البيانات ثابتة الطول 00866nam a22002297a 4500
005 - وقت وتاريخ اخر تعامل مع التسجيلة
رقم الضبط 20240530110530.0
008 - عناصر البيانات ثابتة الطول - معلومات عامة
حقل البيانات ثابتة الطول 160316s2013 ua a g 000 0 ara d
017 ## - رقم الايداع القانونى
رقم الايداع القانونى 2012/20648
المصدر ( الهيئة المختصة) مصر . دار الكتب المصرية
020 ## - الرقم الدولى المعيارى للكتب
الرقم الدولى المعيارى للكتاب 9789776223325
040 ## - مصدر الفهرسة
وكالة الفهرسة الأصلية EG-CaGPL
082 04 - رقم تصنيف ديوى العشرى
رقم الطبعة 21
رقم التصنيف 332.63228\
رقم المادة إ ف
100 0# - المدخل الرئيسى - إسم شخصى
الإسم الشخصى الهام وحيد دحام .
245 10 - بيان العنوان
العنوان فاعلية اداء السوق المالى و القطاع المصرفى فى النمو الاقتصادى /
بيان المسئوليه,etc الهام وحيد دحام .
250 ## - بيان الطبعة
بيان الطبعة ط1.
260 ## - PUBLICATION, DISTRIBUTION, ETC. (IMPRINT)
تاريخ النشر أو التوزيع 2013 .
300 ## - الوصف المادى
التعداد 208 ص ؛
أبعاد الوعاء 24 سم .
650 04 - المدخل الاضافى بالموضوع-مصطلح موضوعى
مصطلح موضوعي البنوك .
650 04 - المدخل الاضافى بالموضوع-مصطلح موضوعى
مصطلح موضوعي الاسواق المالية .
650 04 - المدخل الاضافى بالموضوع-مصطلح موضوعى
مصطلح موضوعي البورصة .
942 ## - عناصر المدخل الإضافي( كوها)
مصدر التصنيف او مخطط الترفيف Dewey Decimal Classification
Koha [default] item type كتاب
260 ## - PUBLICATION, DISTRIBUTION, ETC. (IMPRINT)
-- القاهرة :
-- المركز القومى لاصدارات القانونية ،
Holdings
حالة التراجع حالة الفقد حالة تلف ليس للاعارة المكان المؤقت الموقع الحالى تاريخ الاكتساب اجمالي اﻻعارات رقم الطلب الباركود تاريخ اخر مشاهدة تاريخ تفعيل السعر نوع وعاء كوها
        مكتبة القاهرة الكبرى مكتبة القاهرة الكبرى 03/16/2016   332.63228\ إ ف 161600 03/16/2016 03/16/2016 كتاب

Powered By

EGPV